000 00288nam a2200121 a 4500
005 20141022142002.0
008 080930s19uu xx 00 eng d
050 _aAVM
245 _aEconomics for the consumer.
650 _aVCD.
650 _aEconomics for the consumer.
942 _cAVM
999 _c276309
_d276309